000
00240nam a2200097Ia 4500
001
1173870
005
20250827012622.0
008
250824s9999 xx 000 0 und d
245
0
_a
ANA S5 10
_c
MAKSİM GORKİ
260
_b
AKVARYUM YAYINLARI
999
_c
1173870
_d
1173870